000 00662cam a22002174a 4500
005 20250605163925.0
008 250528s ||||||||||||||||||||||||d
035 _a14523
020 _a851171052
040 _aGR-AtMCL
_bgre
_dGR-AtMCL
_eAACR2
245 1 _aReflections on Language
250 _a1st
260 _c1976
300 _a268
520 _aPreface, On Cognitive Capacity, The Object of Inquiry, Some General Features of Language, Problems and Mysteries in the Study of Human Language, Notes, Bibliography, Index of Names.
700 1 _aChomsky Noam
_9225
700 1 _aTemple Smith
_9226
942 _cBK
999 _c150
_d150